Logo BPK

Biblioteka

Politechniki Koszalińskiej

The Other / (Rekord nr 48562)

Szczegóły MARC
000 -ETYKIETA REKORDU
podpole kontrolne o stałej długości 00464nam a2200181 i 4500
001 - NUMER KONTROLNY REKORDU
pole kontrolne bgj
020 ## - MIĘDZYNARODOWY ZNORMALIZOWANY NUMER KSIĄŻKI - ISBN
ISBN 044902684175
040 ## - ŹRÓDŁO KATALOGOWANIA
Instytucja, która utworzyła rekord BPK
041 0# - KOD JĘZYKA
Kod języka tekstu eng
920 ## - Międzynarodowy znormalizowany numer książki – ISBN
ISBN 0-449-02684-175
008 - POLE O STAŁEJ DŁUGOŚCI - DANE KONTROLNE
podpole kontrolne o stałej długości s uk f |000 0 eng
100 1# - NAZWA OSOBOWA
Nazwa osobowa TRYON, Thomas.
245 10 - TYTUŁ/ODPOWIEDZIALNOŚĆ
Tytuł The Other /
Pozostałe elementy strefy tytułu i oznaczenia odpowiedzialności Thomas Tryon.
260 ## - STREFA ADRESU WYDAWNICZEGO
Miejsce wydania Greenwich, Conn. :
Nazwa wydawcy/dystrybutora Fawcett Publication,
Data publikacji, dystrybucji/powstania dokumentu 1970.
300 ## - STREFA OPISU FIZYCZNEGO
Objętość 288 pp ;
Rozmiary 18 cm.
650 #9 - HASŁO PRZEDMIOTOWE W FORMIE NAZWY OGÓLNEJ LUB JEDNOSTKOWEJ
Nazwa ogólna lub geograficzna Fiction in English
Określnik ogólny Texts
Określnik chronologiczny 1900-
856 ## - LOKALIZACJA I DOSTĘP DO ELEKTRONICZNYCH DOKUMENTÓW ZDALNYCH
Link (URL) http://koha.tu.koszalin.pl/cgi-bin/koha/opac-detail.pl?biblionumber=48562
Tekst linku Katalog online BPK
942 ## - DODATKOWE ELEMENTY (KOHA)
Typ dokumentu Książka
Egzemplarze
Wycofany Status egzemplarza Uszkodzony Dostępność Lokalizacja stała Lokalizacja bieżąca Miejsce przechowywania Sygnatura Kod kreskowy Typ dokumentu
      Dostępny Biblioteka Politechniki Koszalińskiej Biblioteka Politechniki Koszalińskiej Wypożyczalnia Językowa KA 5835 09053991 Książka
© 2023 Biblioteka Politechniki Koszalińskiej :: KOHA